Normal view MARC view

Entry Personal Name

Number of records used in: 1

001 - CONTROL NUMBER

  • control field: 5980

003 - CONTROL NUMBER IDENTIFIER

  • control field: OSt

005 - DATE AND TIME OF LATEST TRANSACTION

  • control field: 20151104130205.0

008 - FIXED-LENGTH DATA ELEMENTS

  • fixed length control field: 151104|| aca||aabn | a|a d

040 ## - CATALOGING SOURCE

  • Original cataloging agency: OSt
  • Transcribing agency: OSt

100 ## - HEADING--PERSONAL NAME

  • Personal name: Haslam S. Alexander

670 ## - SOURCE DATA FOUND

  • Source citation: Work cat.: (OSt): Haslam S. Alexander, Psychology in Organization:, 2004